书目信息 |
| 题名: |
七十年代世界农业技术
|
|
| 作者: | 顾镜清 编集 | |
| 分册: | ||
| 出版信息: | 上海 上海科学技术出版社 1979 |
|
| 页数: | 254页 | |
| 开本: | 19cm | |
| 丛书名: | ||
| 单 册: | ||
| 中图分类: | S-1 | |
| 科图分类: | ||
| 主题词: | 农业技术--技术现状--世界 | |
| 电子资源: | ||
| ISBN: | ||
| 000 | 00596nam0 2200217 45 | |
| 001 | 0179003906 | |
| 005 | 20060801161758.07 | |
| 010 | @dCNY0.67 | |
| 091 | @a16119.654 | |
| 100 | @a19950803d1979 em y0chiy0121 ea | |
| 101 | 0 | @achi |
| 102 | @aCN@b310000 | |
| 105 | @ay z 000yy | |
| 200 | 10 | @a七十年代世界农业技术@Aqi shi nian dai shi jie nong ye ji shu@f顾镜清编集 |
| 210 | @a上海@c上海科学技术出版社@d1979 | |
| 215 | @a254页@d19cm | |
| 606 | @a农业技术@x技术现状@y世界 | |
| 690 | @aS-1@v3 | |
| 701 | 0 | @a顾镜清@Agu jing qing@4编集 |
| 801 | 0 | @aCN@bTSSF@c20060801 |
| 905 | @a10447@dS-1@e28 | |
| 七十年代世界农业技术/顾镜清编集.-上海:上海科学技术出版社,1979 |
| 254页;19cm |
| ISBN :CNY0.67 |
| ● |
| 相关链接 |
|
|
|
|
正题名:七十年代世界农业技术
索取号:S-1/28
 
预约/预借
| 序号 | 登录号 | 条形码 | 馆藏地/架位号 | 状态 | 备注 |
| 1 | 0439330 | 204393307 | 密集书库/ [索取号:S-1/28] | 在馆 | |
| 2 | 0439331 | 204393316 | 密集书库/ [索取号:S-1/28] | 在馆 |